|
|
|
|
| LEADER |
01243nam a2200241 a 4500 |
| 001 |
00026932 |
| 008 |
130403s2007 bg a b 001 0 ben d |
| 020 |
|
|
|a 984300000966
|
| 040 |
|
|
|a BD-DhAAL
|c BD-DhAAL
|
| 041 |
|
|
|a Ben
|
| 082 |
0 |
0 |
|a 305.6/971/05414
|2 22
|
| 245 |
0 |
0 |
|a রাষ্ট্র ও সংস্কৃতি /
|c সম্পাদক এমাজউদ্দীন আহমদ, হারুন-অর-রশিদ.
|
| 260 |
|
|
|a ঢাকা :
|b বাংলাদেশ এশিয়াটিক সোসাইটি,
|c ২০০৭
|
| 300 |
|
|
|a xv, ৬০৮ পৃ. ;
|c ২৫ সে.মি.
|
| 490 |
0 |
|
|a বাংলাদেশ সাংস্কৃতিক সমীক্ষামালা-৩
|
| 500 |
|
|
|a গ্রন্থপঞ্জি ও নির্ঘণ্ট অন্তর্ভূক্ত.
|
| 541 |
1 |
|
|e 00026932
|
| 651 |
|
0 |
|a Bangladesh
|x History
|
| 700 |
1 |
|
|a আহমদ, এমাজউদ্দীন.
|
| 700 |
1 |
|
|a হারুন-অর-রশিদ.
|
| 852 |
1 |
|
|a Ayesha Abed Library
|j General shelf
|
| 999 |
|
|
|c 13371
|d 13371
|
| 952 |
|
|
|0 0
|1 0
|2 ddc
|4 0
|6 305_697105414000000_RAS
|7 0
|9 22287
|a IGS
|b IGS
|c GEN
|d 2012-04-27
|e Mullick & Brothers
|g 709.00
|l 0
|o 305.697105414 RAS
|p 3010026932
|r 2013-05-02
|t 1
|w 2012-04-27
|y BK
|